Przystanki SKM Trójmiasto - nagła śmierć - Statystyki

Ogólne statystyki
  • Ten quiz został rozwiązany 324 razy
  • Średni wynik to 8 z 20
Answers on the Grid
Answers color-coded by a green-red scale on the quiz's grid according to % correct below.
Gdynia Główna
Reda
Sopot Karlikowo
Gdynia Grabówek
Gdynia Port
Gdynia Cisowa
Reda Pieleszewo
Wejherowo Nanice
Gdańsk Orunia
Gdynia Redłowo
Tczew
Luzino
Reda Rekowo
Gdynia Stadion
Sopot Kamienny Potok
Gdańsk Arena EXPO
Gdynia Stocznia-UM
Gdynia Witomino
Lębork
Gdańsk Zaspa
Bożepole Małe
Bolszewo
Gdańsk Stogi
Gdańsk Politechnika
Rumia Janowo
Słupsk
Gdynia Wzgórze Św. Maksymiliana
Gdynia Obłuże
Gdańsk Brzeźno
Wejherowo Śmiechowo
Pruszcz Gdański
Gdańsk Wrzeszcz
Gdynia Śródmieście
Gdańsk Śródmieście
Gdynia Chylonia
Gdańsk Oliwa
 
Statystyki odpowiedzi
Odpowiedź % Poprawnych
Gdynia Główna
73%
Reda
56%
Gdynia Cisowa
50%
Gdynia Grabówek
47%
Gdańsk Politechnika
46%
Gdańsk Wrzeszcz
46%
Gdynia Redłowo
46%
Gdańsk Oliwa
45%
Gdynia Wzgórze Św. Maksymiliana
42%
Wejherowo Nanice
41%
Gdańsk Śródmieście
39%
Gdańsk Zaspa
39%
Gdynia Chylonia
39%
Sopot Kamienny Potok
39%
Gdynia Stocznia-UM
34%
Reda Pieleszewo
32%
Wejherowo Śmiechowo
31%
Rumia Janowo
30%
Lębork
27%
Luzino
19%
Nie znaleziono quizów pasujących do podanych kryteriów
Rozkład punktacji
Procent ludzi z każdym wynikiem
Percentyl według liczby udzielonych odpowiedzi
Twoja historia wyników
Nie rozwiązałeś tego quizu